000 00598nam a22001697a 4500
003 JO-AjAnu
005 20250309104449.0
008 250304b jo ||||| |||| 00| 0 ara d
020 _a978-9923-0-1-1254-3
040 _cJO-AjAnu
041 _hARA
245 _aجمعية المحافظة على القران الكريم : سيرة ومسيرة
_c/ اعداد حسين عبد الحافظ عساف
260 _aعمان :
_bالمؤلف،
_c 2024
300 _a264 صفحه
650 _vالقرآن-دراسة وتعليم-القراءات والتجويد-تحفيظ
942 _2lcc
_cBK
_n0
999 _c33870
_d33870